Normal view
MARC view
Entry Personal Name
001 - CONTROL NUMBER
- control field: 164818
003 - CONTROL NUMBER IDENTIFIER
- control field: OSt
005 - DATE AND TIME OF LATEST TRANSACTION
- control field: 20220923220925.0
008 - FIXED-LENGTH DATA ELEMENTS
- fixed length control field: 220923|| aca||aabn | a|a d
040 ## - CATALOGING SOURCE
- Original cataloging agency: OSt
- Transcribing agency: OSt
100 ## - HEADING--PERSONAL NAME
- Personal name: चक्रवर्ती, सुजीत के0
670 ## - SOURCE DATA FOUND
- Source citation: Work cat.: (OSt)344890: चक्रवर्ती, सुजीत के0, भारत में दृश्य भव्य शिक्षा, 1969
